000
00358nam a2200157Ia 4500
008
231217s9999 xx 000 0 und d
041
_a
English
082
_a
658.076 CHO
100
_a
Chopra, Ravi
245
0
_a
CAT: Common admission test for IIM
250
_a
1st ed.
260
_c
1997
_b
Galgotia
300
_a
E-8
650
_a
CAT
942
_c
AA
999
_c
165276
_d
165276